| 000 | 00643nam a2200253 a 4500 | ||
|---|---|---|---|
| 999 |
_c6045 _d6045 |
||
| 001 | 6045 | ||
| 003 | BD-JhCC | ||
| 005 | 20180101125822.0 | ||
| 008 | 180101s1980 ii |||| ||a| 000 0 eng d | ||
| 020 | _a8121902800 | ||
| 035 | _a(BD-JhCC)6045 | ||
| 040 |
_aBD-JhCC _dBD-JhCC |
||
| 041 | _aeng | ||
| 082 |
_a530.41 _bLAL 1980 |
||
| 100 | _aLal, Brij | ||
| 245 |
_aProperties on Matter / _cBrij Lal; N Subrahmanyam |
||
| 260 |
_aNew Delhi : _bEurasia Publishing House, _c1980. |
||
| 300 |
_a472 p. : _c19 cm. |
||
| 650 | _aPhysics | ||
| 650 |
_aMatter _xProperties |
||
| 700 | _aSubrahmanyam, N. | ||
| 942 |
_2ddc _cBK |
||